| 000 -CABECERA |
| Longitud fija campo de control |
00526nam a2200181 a 4500 |
| 001 - NÚMERO DE CONTROL |
| Número de control |
5856 |
| 003 - IDENTIFICADOR DEL NÚMERO DE CONTROL |
| Identificador del número de control |
CDMR |
| 005 - FECHA Y HORA DE LA ÚLTIMA TRANSACCIÓN |
| Fecha y hora de la última transacción |
20151019135402.0 |
| 008 - CÓDIGOS DE INFORMACIÓN DE LONGITUD FIJA |
| Códigos de información de longitud fija |
130220s2006||||||||||||||||||||||||||||d |
| 040 ## - FUENTE DE LA CATALOGACIÓN |
| Centro catalogador de origen |
CDMR |
| Lengua de catalogación |
cat |
| Centro transcriptor |
CDMR |
| 100 1# - PUNTO DE ACCESO PRINCIPAL-NOMBRE DE PERSONA |
| Nombre de persona |
Stuven, Hugo |
| 9 (RLIN) |
2881 |
| 245 10 - MENCIÓN DE TÍTULO |
| Título |
Quién te ha visto y quién t.ve |
| Resto del título |
: historias de mi tele |
| Mención de responsabilidad, etc. |
Hugo Stuven |
| 260 ## - PUBLICACIÓN, DISTRIBUCIÓN, ETC. (PIE DE IMPRENTA) |
| Lugar de publicación, distribución, etc. |
Madrid |
| Nombre del editor, distribuidor, etc. |
Espejo de tinta |
| Fecha de publicación, distribución, etc. |
2006 |
| 300 ## - DESCRIPCIÓN FÍSICA |
| Extensión |
286 p. ; |
| Dimensiones |
23 cm |
| 650 04 - PUNTO DE ACCESO ADICIONAL DE MATERIA - TÉRMINO DE MATERIA |
| 9 (RLIN) |
3074 |
| Término de materia o nombre geográfico como elemento inicial |
Periodistes |
| Subdivisión de forma |
Biografia |
| 610 2# - PUNTO DE ACCESO ADICIONAL DE MATERIA - NOMBRE DE ENTIDAD CORPORATIVA |
| 9 (RLIN) |
2814 |
| Nombre de entidad corporativa o nombre de jurisdicción como elemento inicial |
Televisión Española |
| Subdivisió,n de materia general |
Anècdotes |
| 942 ## - ENTRADA DE ELEMENTOS AGREGADOS (KOHA) |
| Koha [por defecto] tipo de item |
Monografies |
| Fuente de clasificaión o esquema |
|